Statistics for Top 5 Funniest Dragon Ball Characters

Click here to take the quiz!

General Stats

  • This quiz has been taken 377 times
  • The average score is 3 of 5

Answer Stats

Hin#Character% Correct
2Krillin
72%
1Master Roshi
71%
5Gotenks
62%
3Hercule
40%
4Old Kai
12%

Score Distribution

Percentile by Number Answered

Percent of People with Each Score

Your Score History

You have not taken this quiz